Normal view MARC view
  • Topçu, Nurettin,

Entry Personal Name

Number of records used in: 1

001 - CONTROL NUMBER

  • control field: 34315

003 - CONTROL NUMBER IDENTIFIER

  • control field: TR-AnTOB

005 - DATE AND TIME OF LATEST TRANSACTION

  • control field: 20190408214217.0

008 - FIXED-LENGTH DATA ELEMENTS

  • fixed length control field: 161230n|eazannaab| |a aaa d

035 ## - SYSTEM CONTROL NUMBER

  • System control number: (TR-AnTOB)34315

040 ## - CATALOGING SOURCE

  • Original cataloging agency: TR-AnTOB
  • Transcribing agency: TR-AnTOB

100 1# - HEADING--PERSONAL NAME

  • Personal name: Topçu, Nurettin,
  • Dates associated with a name: 1909-1975
  • Form subdivision: Kaynakça

400 1# - SEE FROM TRACING--PERSONAL NAME

  • Personal name: Topçu, Nurettin,
  • Dates associated with a name: 1909-1975
  • Form subdivision: Bibliography

400 1# - SEE FROM TRACING--PERSONAL NAME

  • Personal name: Topçu, Nurettin,
  • Dates associated with a name: 1909-1975
  • Form subdivision: Bibliyografya
Devinim Yazılım Eğitim Danışmanlık tarafından Koha'nın orjinal sürümü uyarlanarak geliştirilip kurulmuştur.